000 00313nam a2200133 i 4500
001 bg
100 1 _aKMITA, Jerzy
245 0 _aWykłady z logiki i metodologii nauk /
_cJerzy Kmita.
260 _aWarszawa,
_c1977.
040 _cBPK
041 _apol
942 _cKS
008 s pl f |000 0 pol
999 _c27818
_d27818
856 _uhttp://koha.tu.koszalin.pl/cgi-bin/koha/opac-detail.pl?biblionumber=27818
_yKatalog online BPK